| 000 | 01197nam a2200229 i 4500 | ||
|---|---|---|---|
| 001 | 188944 | ||
| 003 | ES-MaACL | ||
| 005 | 20251220171439.0 | ||
| 008 | 190305s1981 sp |||| | spa d | ||
| 100 | 1 |
_aCarrizosa Umaña, Julio. _9166481 |
|
| 245 | 1 | 0 |
_aGuía para la preparación de estudios de diagnóstico de la situación ambiental a nivel nacional / _cJulio Carrizosa Umaña. |
| 260 |
_a[Madrid : _bCIFCA, _c1981?] |
||
| 300 |
_a69 p. ; _c30 cm. |
||
| 490 | 1 |
_aOpiniones. Política y planificación ambiental ; _v7 |
|
| 500 | _aEste documento fue presentado en el Seminario de Expertos sobre Planificación del Desarrollo y Medio Ambiente celebrado por el CIFCA, con la colaboración de la Subsecretaría de Medio Ambiente de Argentina, en Buenos Aires del 14 al 18 de Diciembre de 1981. | ||
| 650 | 0 | 4 |
_aPolítica ambiental. _916286 |
| 710 | 2 |
_aCentro Internacional de Formación en Ciencias Ambientales (Madrid) _9166480 |
|
| 711 | 2 |
_aSeminario de Expertos sobre Planificación del Desarrollo y Medio Ambiente _d(1981. _cBuenos Aires) _9166517 |
|
| 830 | 0 |
_aOpiniones. Política y planificación ambiental ; _v7 _9193227 |
|
| 852 |
_aES-MaACL _jP-468-5 |
||
| 999 |
_c188944 _d188944 |
||